[Event "American Continental 3rd"]
[Site "Buenos Aires"]
[Date "2005.08.13"]
[Round "8"]
[White "Leitao, Rafael Duailibe"]
[Black "Amura, Claudia Noemi"]
[Result "1-0"]
[WhiteElo "2598"]
[BlackElo "2372"]
[Annotator "Roiz,M"]
[PlyCount "67"]
[EventDate "2005.08.06"]
[EventType "swiss"]
[EventRounds "11"]
[EventCountry "ARG"]
[SourceTitle "CBM 109"]
[Source "ChessBase"]
[SourceDate "2005.11.14"]
[SourceVersion "1"]
[SourceVersionDate "2005.11.14"]
[SourceQuality "1"]

1. e4 c5 2. Nf3 Nc6 3. Bb5 e6 4. Bxc6 bxc6 5. d3 Ne7 6. Qe2 {This line gains
some popularity nowadays.} Ng6 {Black prefers to complete development without
making provocative moves like f7-f6. On the other hand, the Ng6 is vulnerable
now, so white may try to push it away.} (6... f6 7. Nh4 g6 {-->is another
common line.}) 7. h4 {[%csl Rg6][%cal Gh4h5]} Qc7 {In my opinion this move is
more principal than 7...h5, as it shows the drawback of White's previous move!}
(7... h5 8. e5 f6 (8... Be7 9. Qe4 Nf8 10. Na3 f6 11. Bf4 fxe5 12. Bxe5 Rg8 13.
O-O-O d6 14. Bc3 $16 {1-0 Kveinys,A-Csiszar,C/Le Touquet FRA 2003/The Week in
Chess 469 (24)}) 9. Qe4 Kf7 10. Na3 d5 11. exd6 Qxd6 12. Nc4 Qd5 13. Ne3 Qxe4
14. dxe4 Ba6 15. Bd2 Bd6 16. Ba5 $14 {1-0 Timman,J-Van Wely,L/Almelo NED 2004/
The Week in Chess 492 (62)}) 8. h5 Nf4 9. Qd2 {The only way to fight for the
opening advantage.} ({Of course, Black is by no means worse after giving up
the dark-squared bishop:} 9. Bxf4 $6 Qxf4 {--> 0-1 Kleiman,B-Moiseenko,A/
Lindsborg USA 2004 (44)}) 9... e5 $8 10. Qc3 {[%csl Re5,Rf4][%cal Gc1f4]} (10.
g3 $6 Ne6 $15) 10... Nxg2+ {A logical decision- Black prevents White from
castling. On the other hand, Black wastes a lot of time, so White gets a
significant development advantage.} ({In my opinion Black has an interesting
alternative:} 10... d6 $5 11. Bxf4 exf4 12. h6 (12. Rh4 d5 13. Qe5+ Qxe5 14.
Nxe5 Bd6 $15) 12... Rg8 $13) 11. Kf1 Nf4 12. Bxf4 ({Dubious would be:} 12.
Qxe5+ $6 Qxe5 13. Nxe5 Ne6 $15 {and the endgame is in Black's favour due to
pair of the bishops.}) 12... exf4 13. h6 {That's the point! White breaks
black's king-side pawn structure and creates a lot of weaknesses in Black's
camp.} Rg8 (13... f6 $5 {also deserves attention:} 14. hxg7 (14. Nbd2 d6 $15)
14... Bxg7 15. Qxc5 d6 16. Qc4 (16. Qh5+ Qf7 17. Qxf7+ Kxf7 18. Nbd2 Rb8 $13)
16... Rb8 17. b3 f5 18. c3 Rb6 $13) 14. e5 {[%cal Gb1d2,Gd2e4] Seizing a space
and freeing a way for the Nb1. It's also important to notice that Black cannot
move his Pd7 now, so it's not easy to complete the development.} (14. Nbd2 d5
15. exd5 cxd5 16. Re1+ Be6 17. Ng5 O-O-O 18. Rxe6 gxh6 19. Qf6 Rg6 20. Qxf7
Rxg5 21. Rf6 Bg7 22. Qxc7+ Kxc7 23. Rxf4 Rg6 $11 {1/2-1/2 Najer,E-Eljanov,P/
Warsaw POL 2005/The Week in Chess 555 (54)}) (14. Ng5 $6 d5 $1 15. Nxh7 d4 16.
Qd2 Be7 $15 {[%csl Rh7]}) 14... Ba6 15. Nbd2 O-O-O 16. Rg1 $146 {I believe
that this move hardly causes Black some problems.} ({Black is also fine after:
} 16. Ne4 c4 $1 {-->see comments to 0-1 Potkin,V-Eljanov,P/Warsaw 2005/CBM
108_01/[Finkel,A] (28)}) 16... c4 $2 {Now that move is pointless, as White is
not forced to take with the Pd3.} ({There was nothing wrong with:} 16... g6
$142 $1 17. Ne4 d6 18. exd6 Bxd6 19. Re1 (19. Nxc5 Bxc5 20. Qxc5 Rd5 $36) 19...
c4 20. dxc4 Rge8 $132 {and black is by no means not worse,as the Kf1 is weak.})
17. Nxc4 g6 {[%tqu "En","Please,find the strongest move","","","f3g5","",10]}
18. Ng5 $1 $16 {[%csl Rf7,Rh7] That forces black to simplify the position,
since he cannot protect the pawns.} d5 (18... Re8 $2 19. Nxh7 {[%cal Gh7f6]}
Bxc4 (19... Be7 20. Nd6+ Bxd6 21. exd6 Qxd6 22. Nf6 $18) 20. Nf6 $1 Bxd3+ 21.
Qxd3 Bxh6 22. Rd1 $18) (18... Bxc4 19. Qxc4 Qxe5 (19... d5 20. exd6 Bxd6 21.
Nxh7 Be5 22. Ng5 $18) 20. Nxf7 Qxb2 21. Re1 Bb4 22. Nxd8 Rxd8 23. Re4 $16) 19.
exd6 Bxd6 20. Nxd6+ Rxd6 21. Ne4 ({Possible was also:} 21. Nxh7 $5 Rgd8 (21...
Qd7 22. Ng5 f6 23. Rh1 $1 $18 {[%cal Gg5e4]}) 22. Rd1 $16 {and Black cannot
exploit the vulnerablity of the Nh7.}) 21... Rdd8 22. Nf6 {[%csl Gf6] An ideal
spot for the knight! Here it puts pressure on Ph7 and keeps control of many
important squares.} Rh8 23. Re1 {Black has no counterplay, so his position is
very hard.} Kb8 24. Qe5 {In the endgame White's strategical advantage becomes
more significant, as the Kf1 is not in danger anymore!} ({At the same time,
there was nothing wrong with:} 24. Qb4+ Qb6 (24... Ka8 25. Re7 $18) 25. Qxf4+
Ka8 26. Qe5 Bc8 27. Rg3 $18 {and White is a pawn up, while Black's pieces
cannot create any real threats.}) 24... Qxe5 25. Rxe5 Rd6 ({An attempt to
consolidate the position by delivering the bishop to e6 fails to:} 25... Bc8
26. Re7 Be6 27. Ke2 Rd6 28. Kf3 Bxa2 29. Ra1 $1 Rxf6 30. Rxa2 $18) 26. Ne4 Rd5
{Allowing an unpleasant penetration.} ({Even worse would be:} 26... Re6 27.
Rxe6 fxe6 28. Rg5 $1 Kc7 29. Ra5 Kb6 30. Re5 $18 {with a completely winning
position from the strategical point of view.}) 27. Re7 {Taking control of the
7th rank.} Rh5 {Black wants to take the Ph6 at any cost! Now white's rooks
become very active.} ({An attempt to simplify the position led to a very hard
position after:} 27... Rb5 28. b3 Rb7 29. Rxb7+ (29. Re5 $16) 29... Bxb7 30.
Nf6 $16) 28. Rg5 Rxh6 29. Ra5 Bc8 30. Nd6 {Intending to transpose into the
rook's endgame.} ({Possible was also:} 30. Raxa7 Rd8 $1 31. Rxf7 Rh1+ 32. Ke2 (
32. Kg2 Rc1 $16) 32... h5 $16 {although the passed Ph5 leaves Black some
counterchances.}) 30... Rh1+ $2 {A decisive loss of time.} ({The only attempt
to survive was:} 30... f3 31. Ke1 Rd8 32. Nxc8 Rxc8 33. Raxa7 Re8 34. Kd2 Rxe7
35. Rxe7 f6 36. Ke3 Rh3 $16 {[%cal Gg6g5,Gg5g4] /+- with some practical
drawish chances, although White's position should be winning.}) 31. Kg2 Rb1 32.
b3 Rb2 ({Nothing changes} 32... Rd8 33. Nxc8 Rxc8 34. Raxa7 Rf8 35. a4 $18 {
[%cal Ga4a5,Ga5a6,Ge7b7]}) 33. Raxa7 {Now Black cannot avoid a quick mate.} Rd8
34. Nxc8 1-0

[Event "Bundesliga 0405"]
[Site "Germany"]
[Date "2004.12.11"]
[Round "5.3"]
[White "Smeets, Jan"]
[Black "Papa, Severin"]
[Result "1/2-1/2"]
[WhiteElo "2515"]
[BlackElo "2411"]
[Annotator "Roiz,M"]
[PlyCount "76"]
[EventDate "2004.11.12"]
[EventType "team-tourn"]
[EventRounds "15"]
[EventCountry "GER"]
[SourceTitle "CBM 105"]
[Source "ChessBase"]
[SourceDate "2005.04.11"]
[SourceVersion "1"]
[SourceVersionDate "2005.04.11"]
[SourceQuality "1"]
[WhiteTeam "Solingen"]
[BlackTeam "Stuttgart"]
[WhiteTeamCountry "GER"]
[BlackTeamCountry "GER"]

1. e4 c5 2. Nf3 Nc6 3. Bb5 Nf6 4. e5 {A solid continuation which leads to a
long strategical battle. The arising positions are similar to 3...g6 system.
But in my opinion,black's play here is easier than after 3...g6 4.0-0 Bg7 5.
Re1 Nf6 6.e5 Nd5 7.Nc3 Nc7 8.Bxc6 dxc6 9.Ne4 Ne6 (or 9...b6), as white has
already spent time for 7.h3 (7.Re1 is more useful).} ({The main line is a bit
sharper:} 4. Nc3 Qc7 5. O-O Nd4) 4... Nd5 5. Nc3 Nc7 6. Bxc6 dxc6 7. h3 g6 8.
d3 Bg7 9. Be3 Ne6 {That is the most popular plan in that type of positions:
the knight will be delivered to d4 and after the exchange black will seize
more space. Usually he also tries to free his position by f7-f6, activating
the Bg7. At the same time, white's play is connected with an attack on the
k-side ( pushing h3-h4-h5 and exchanging the dark-squared bishops).} ({The
possible alternative is:} 9... b6 $5 {leaving a spot ''e6'' for the bishop} 10.
Qd2 h6 11. O-O Be6 12. Ne2 $2 Bd5 13. d4 Bxf3 14. gxf3 cxd4 15. Qxd4 Qxd4 16.
Bxd4 c5 17. Bc3 Nd5 $17 {0-1 Nanu,C-Andonov,B/Obrenovac SCG 2004 (63)}) 10. Ne4
Nd4 $1 {That is the most tempting move-black doesn't waste a tempo for b7-b6.
Black shouldn't avoid the exchange of central pawns, as in that case his
bishops will become stronger} ({After} 10... b6 11. Qd2 Nd4 (11... h6 $5) 12.
Nxd4 cxd4 13. Bh6 Bxe5 14. f4 Bc7 15. O-O Be6 16. Rae1 $44 {1-0 Becerra Rivero,
J-Guillen,J/San Salvador 1998/CBM 67 ext (55) white has got a dangerous
initiative}) 11. Nxc5 {That move is practically forced-white had no
comfortable way to keep the Pe5.} (11. Nxd4 $6 cxd4 12. Bf4 Qd5 $15 {[%csl Re5]
}) 11... Nxf3+ 12. Qxf3 Bxe5 13. d4 ({More complicated position could arise
after} 13. O-O-O Bg7 14. Rhe1 O-O $132 (14... Qd5 $6 15. Qxd5 cxd5 16. Nb3 $14
{[%cal Ge3d4]})) 13... Bg7 14. O-O O-O 15. c4 $146 {Preventing black from
swapping the queens by 15...Qd5.} (15. Rad1 Qd5 16. Qxd5 $11 {1/2-1/2 Lenart,
E-Marasescu,I/Hungary 1998/EXT 99 (16)}) 15... Qc7 {Preparing 16...b6 and
freeing a square for the rooks.} ({Possibly was also immediate} 15... b6 16.
Qxc6 Bxh3 17. gxh3 bxc5 18. dxc5 (18. Qxc5 Qd7 $132 {[%cal Ga8c8]}) 18... Bxb2
19. Rad1 $13 {and white's strong Pc5 compensates some weakness of Kg1.}) 16.
Rad1 b6 17. Ne4 Bb7 {Black's only drawback is some passivity of his bishops.
Now he intents to activate the Bb7 by 18...c5.} 18. Bf4 {White should try to
swap the dark-squared bishops, not allowing black to free-up by c4-c5. In that
case he could get some positional advantage.} Qd7 19. Rd2 {Doubling the rooks
before realizing the main idea.} ({The immediate} 19. Be5 {could be met by:}
Bxe5 ({less clear is} 19... f6 20. Bf4 f5 21. Nc3 Bxd4 22. Qg3 c5 23. Nb5 $44 {
[%csl Rg8] with reasonable compensation for a pawn.}) 20. dxe5 Qe6 21. Qf4 c5
22. Ng5 Qc6 23. f3 h6 24. Ne4 Kg7 $11 {and black is O.K.}) 19... h6 ({
Dubiously would be} 19... f5 $6 20. Nc3 Bxd4 21. Qg3 c5 22. Nb5 $36) 20. Rfd1
Kh7 {Black has no useful plan of improvement, so he is just waiting.} 21. Be5 {
Without that move white cannot make any progress.} (21. b3 Rad8 22. Be5 f6 23.
Bh2 c5 24. d5 f5 25. Nc3 e5 $132) 21... f6 $1 {That move is connected with a
forced line, where black has to play energetically in order to avoid a danger.}
({Inaccurate would be:} 21... Bxe5 22. dxe5 Qe6 23. Qf4 c5 24. Nc3 $14 {
and white has an advantage due to contr}) 22. Bh2 f5 23. Nc3 c5 24. d5 {
Closing the way for Bb7, but...} (24. Qe2 $2 {leads nowhere after:} Bxd4 $1 ({
only not} 24... cxd4 $2 25. Be5 $16) 25. Be5 Qc6 26. Nd5 e6 $17) 24... e5 $1 {
That move deserved an accurate calculations.} ({Worse would be:} 24... Rae8 $6
25. Nb5 e5 26. Nxa7 Ra8 27. Nc6 $14 {with some advantage of white.}) 25. dxe6 {
A principal answer which leads only to equality.} ({It would be dangerous to
play:} 25. Qe2 Rae8 26. a3 (26. f3 e4 27. fxe4 Bxc3 28. bxc3 Rxe4 $15 {[%csl
Rc4]}) 26... e4 $15 {, as black's prospects on the k-side looks more realistic.
}) 25... Bxf3 26. exd7 ({Nothing good promised} 26. Rxd7 $2 Bxd1 27. Be5 Rg8
28. Nxd1 Rae8 $17) 26... Bxd1 27. Rxd1 Bxc3 $1 {It's necessary to swap the
knight before it could help white to advance his passed pawn.} ({Much worse
was:} 27... Bd4 $6 28. Bc7 Rfd8 29. Bxd8 Rxd8 30. Nb5 Rxd7 31. Kf1 Kg7 32. Nxd4
cxd4 33. Ke2 $14 {and white's chances are clearly better in that endgame.}) 28.
bxc3 f4 {The only but sufficient move. Now white has nothing better than 29.
Bxf4,that leads to an equal rook's endgame.} 29. Bxf4 Rxf4 30. d8=Q Rxd8 31.
Rxd8 Rxc4 $11 {The endgame is absolutely equal, as white cannot avoid an
exchange of all the q-side pawns.} 32. Rd7+ Kg8 33. Rxa7 Rxc3 {[%cal Gb6b5]
Now black wants to advance his Pb6.} 34. Rb7 (34. a4 Ra3 35. Kf1 $6 b5 {
can be dangerous only for white.}) 34... Rc1+ 35. Kh2 Rb1 36. a4 Rb4 {The last
accuracy. Black shouldn't allow white to play a4-a5.} ({Good enough was also} 
36... c4 37. a5 c3 38. a6 c2 39. a7 Ra1 40. Rc7 Rxa7 41. Rxc2 $11) 37. Ra7 Kf8
38. a5 bxa5 1/2-1/2

[Event "Bundesliga 0405"]
[Site "Germany"]
[Date "2005.02.13"]
[Round "11.3"]
[White "Vallejo Pons, Francisco"]
[Black "Schmittdiel, Eckhard"]
[Result "1-0"]
[WhiteElo "2678"]
[BlackElo "2454"]
[Annotator "Roiz,M"]
[PlyCount "57"]
[EventDate "2004.11.12"]
[EventType "team-tourn"]
[EventRounds "15"]
[EventCountry "GER"]
[SourceTitle "CBM 106"]
[Source "ChessBase"]
[SourceDate "2005.06.06"]
[SourceVersion "1"]
[SourceVersionDate "2005.06.06"]
[SourceQuality "1"]
[WhiteTeam "Baden Oos"]
[BlackTeam "Stuttgart"]
[WhiteTeamCountry "GER"]
[BlackTeamCountry "GER"]

1. e4 c5 2. Nf3 Nc6 3. Nc3 e5 4. Bc4 Be7 5. d3 d6 6. O-O Bg4 {Quite a rare
alternative to the common line 6...Nf6 7.Ng5 0-0 8.f4. That continuation has a
clear drawback: the bishop may be misplaced on g6 after h2-h3 and g2-g4.} 7. h3
Bh5 8. Nd5 Nf6 {In this variation black should always keep control of d5.} ({
Hardly can be recommended:} 8... h6 $6 9. c3 Nf6 10. a3 O-O 11. b4 Rc8 12. Be3
Nxd5 13. Bxd5 b6 14. g4 Bg6 15. Qa4 Qd7 16. bxc5 bxc5 17. Nd2 Rc7 18. Rab1 $16
{1-0 Belozerov,A-Sveshnikov,E/Elista 2001/CBM 83 (102)}) 9. Ne3 (9. c3 $5 O-O
10. a3 Nxd5 11. Bxd5 a5 12. g4 Bg6 13. a4 Rb8 14. Kh1 Kh8 15. Rg1 Qd7 16. Nh2
Nd8 17. f4 $14 {1-0 Klimov,S-Astashov,G/St Petersburg RUS 2005 (80)}) 9... a6
$146 (9... Nd4 10. g4 Bg6 11. c3 Nxf3+ 12. Qxf3 Qd7 13. g5 Nh5 14. Nd5 Bd8 15.
Qg4 $36 {1-0 Kupreichik,V-Vaulin,A/Tula 2002/CBM 87 ext (21)}) 10. a3 (10. c3
$6 Na5 $11) 10... Qd7 $6 {That move seems to be pointless,since the queen is
not very useful on d7.} (10... Nd4 11. g4 Bg6 12. c3 Nxf3+ 13. Qxf3 {--> is
similar to the mentioned game Kupreichik-Vaulin and promises white a clear
advantage.}) ({In my opinion,more logical would be:} 10... O-O $5 11. Nf5 Nd7
$14) 11. Nf5 Rg8 $2 {A serious strategical mistake-now the king-side castle is
not possible,so black's king couldn't find a safe place till end of the game.}
({Necessary was:} 11... O-O 12. Ng3 (12. g4 $5) 12... Bg6 13. Nh4 Kh8 $14 {
/+/- with a clearly worse but defensible position.}) 12. Ng3 {Avoiding a pin
without weakening the position by g2-g4.} Bg6 13. Re1 {White is not in a
hurry-black has no counterplay.} (13. Nh4 $5 $16) 13... h6 ({The king-side
castle doesn't solve black's problems. For instance:} 13... O-O-O 14. b4 $40
cxb4 $140 15. axb4 Nxb4 16. c3 Nc6 17. Qb3 $16) 14. c3 {Preparing both
powerful breakthroughs: b2-b4 and d3-d4.} Nh7 {Black is looking for some
exchanges in order to simplify the position. At the same time,that manoevre is
too slowly,so white gets enough time for developing his initiative.} ({An
attempt to trade the knights fails to:} 14... Nh5 $2 15. Nxh5 Bxh5 16. Nxe5 $1
Bxd1 17. Nxd7 Bh5 18. Nb6 $18) ({An idea of transfering the bishop:} 14... Bd8
15. b4 Bb6 16. Be3 Ba7 $16 {doesn't make sense either.}) 15. b4 Bg5 $6 {
An additional dubious decision: the Be7 is an important defender of the drak
squares and after exchange of it white could exploit a weaknesses in black's
camp.} ({A logical continuation of black's manoevre would be:} 15... Ng5 $142
16. Rb1 Nxf3+ 17. Qxf3 $16) 16. Nxg5 Nxg5 17. Rb1 Ne6 18. Be3 b6 $2 {That
allows a penetration of white's rook and actually leads to a quick loss.} ({
Necessary was:} 18... cxb4 $142 19. axb4 Nc7 20. d4 $16 {[%csl Re8] although
white's position is winning from strategical point of view.}) 19. bxc5 bxc5 20.
Rb6 $1 {The rook puts a strong pressure on black's queen-side pieces.} Nc7 {
Black is trying to keep a material ballance,but his knight leaves a central
square and that allows white to breakthrough.} ({After} 20... Rb8 {the most
convincing way is:} 21. Rxa6 $1 (21. Rxb8+ Nxb8 22. Qb3 Ke7 23. Rb1 Rc8 $16)
21... Nc7 22. Ra4 $18 {[%cal Gd3d4] and black cannot take advantage of some
vulnerablity of Ra4,while white is going to break black's position by d3-d4.})
21. f4 exf4 22. Bxf4 {Now all white's pieces are into attack,while black's
pieces are completely not coordinated.} Rb8 (22... Ne6 23. Bd5 Rc8 24. Nf5 $1
Nxf4 25. Bxc6 Rxc6 26. Rb8+ $18) 23. Rxb8+ Nxb8 24. Qb3 $18 ({Good enough was
also immediate:} 24. Nf5 Bxf5 25. exf5+ Kd8 26. Qb3 Nc6 27. Bxf7 $18) 24... Ke7
(24... Nc6 25. Nf5 Bxf5 26. exf5+ Kf8 27. Bxf7 $18) 25. Nf5+ Bxf5 26. exf5+ Kf6
27. d4 {Clearing the way to black's monarch.} Nc6 ({Black cannot keep a
material ballance after:} 27... cxd4 28. cxd4 Nc6 29. Qg3 $18 {[%csl Rd6][%cal
Gf4d6,Gg3d6,Gg3h4]}) 28. dxc5 dxc5 ({More resistant would be:} 28... d5 29. Bd3
Re8 {although after} 30. Rxe8 Qxe8 31. Kh2 $18 {white is also completely
winning.}) (28... Na5 29. Qb4 Nc6 30. Qa4 $18) 29. Rd1 (29. Rd1 Qxf5 30. Bxc7
$18) 1-0